[Event "GRE-chT U16"]
[Site "Thessaloniki"]
[Date "2021.12.17"]
[Round "2.2"]
[White "Anagnostopoulos, Vasileios NA"]
[Black "Karakitsios, Ioannis"]
[Result "1-0"]
[WhiteElo "1411"]
[BlackElo "1064"]
[PlyCount "57"]
[EventDate "2021.12.16"]
[EventType "team-swiss"]
[EventRounds "6"]
[EventCountry "GRE"]
[SourceTitle "CBM 205 Extra"]
[Source "ChessBase"]
[SourceDate "2022.01.31"]
[SourceVersion "1"]
[SourceVersionDate "2022.01.31"]
[SourceQuality "1"]
[WhiteTeam "Xanthis"]
[BlackTeam "Kozanis Aetoi"]
[WhiteTeamCountry "GRE"]
[BlackTeamCountry "GRE"]

1. c4 e5 2. Nc3 Nc6 3. g3 Nf6 4. Bg2 Bc5 5. e3 d6 6. Nge2 Be6 7. d4 exd4 8. exd4 Bxd4 9. Nxd4 Nxd4 10. Qxd4 c5 11. Qd3 0-0 12. 0-0 Qd7 13. Bf4 Bh3 14. Ne4 Ne8 15. Rad1 Rd8 16. Qc3 Qf5 17. Nxd6 Nxd6 18. Bxh3 Qxh3 19. Bxd6 Rfe8 20. Bxc5 Qh5 21. Rxd8 Rxd8 22. Bxa7 h6 23. Qe3 Qa5 24. Bb6 Qd2 25. Bxd8 Qxd8 26. Re1 Qf6 27. Qe5 Qc6 28. Qe8+ Kh7 29. Qxc6 1-0